000 00657nam a22002177a 4500
003 OSt
005 20260212152055.0
008 160219b xxu||||| |||| 00| 0 eng d
020 _a05-711-2004-1
024 _205-711-2004-1
040 _c0
082 _a174.4 LUM 2004
100 _aMALIK J, BARI F
_9133177
245 _aISLAMIC RELIEF
_cMALIK J, BARI F
260 _aLahore
_bLahore University of Management Sciences
_c2004
300 _a18 p.
_bPapers
440 _aISLAMIC RELIEF
_9133178
590 _6http://10.250.8.41:8080/xmlui/handle/123456789/56752
856 _uhttp://10.250.8.41:8080/xmlui/handle/123456789/56752
942 _2ddc
_cCS
999 _c351171
_d351171